Statystyki dla Powiaty na literę Ł

Kliknij tutaj aby rozwiązać quiz!

Ogólne statystyki

  • Ten quiz został rozwiązany 206 razy
  • Średni wynik to 10 z 12

Statystyki odpowiedzi

WojewództwoPowiat% Poprawnych
łódzkieŁódź
98%
podlaskieŁomża
85%
łódzkiełęczycki
83%
łódzkiełódzki wschodni
83%
łódzkiełowicki
83%
podlaskiełomżyński
82%
lubelskiełukowski
80%
łódzkiełaski
79%
lubelskiełęczyński
76%
podkarpackiełańcucki
71%
mazowieckiełosicki
70%
zachodniopomorskiełobeski
68%

Rozkład punktacji

Percentyl według liczby udzielonych odpowiedzi

Procent ludzi z każdym wynikiem

Twoja historia wyników

Nie rozwiązałeś tego quizu